PEQUEÑO COMERCIO DE ALIMENTOS EN COLONIAS POPULARES DE CIUDAD NEZAHUALCOYOTL : ANALISIS DE SU PAPEL EN LA ESTRUCTURA SOCIOECONOMICA URBANA /

INCLUYE BIBLIOGRAFIA

Guardat en:
Dades bibliogràfiques
Autor principal: Meyers de Ortiz, Carol (autor)
Format: Llibre
Col·lecció:FIN DE MILENIO
Matèries:
Etiquetes: Afegir etiqueta
Sense etiquetes, Sigues el primer a etiquetar aquest registre!

MARC

LEADER 00000nam^a2200000^a^4500
001 000234106
005 20250521000000.0
009 20260310104712.005
020 |a 968-895-205-2 
035 |a 057484 
037 |a Acervo Xavier Clavigero 
082 |a 306. 3  |b MEY 
100 |a Meyers de Ortiz, Carol  |e (autor) 
245 1 0 |a PEQUEÑO COMERCIO DE ALIMENTOS EN COLONIAS POPULARES DE CIUDAD NEZAHUALCOYOTL :  |b ANALISIS DE SU PAPEL EN LA ESTRUCTURA SOCIOECONOMICA URBANA /  |c CAROL MEYERS DE ORTIZ 
264 |a Guadalajara, México :  |b U DE G,  |c 1990 
300 |a 115 p. 
336 |a texto  |b txt  |2 rdacontenido 
337 |a sin mediación  |b n  |2 rdamedio 
338 |a volumen  |b nc  |2 rdasoporte 
440 |a FIN DE MILENIO 
520 |a INCLUYE BIBLIOGRAFIA 
649 |a XX 
650 |a Sociología de la Economía 
650 |a PRODUCTOS -  |x COMERCIO 
650 |a Comerciantes 
910 |a Fondo General 
920 |a Impresos - Libros 
930 |a Colección General 
905 |a 101 
901 |a 057484  |b IT1  |c ACC  |i 057484  |u 20250521 
902 |a https://opac.biblio.iteso.mx/vufind/Record/000234106